000
00276nam a2200109Ia 4500
008
200302s9999 xx 000 0 und d
100
_a
Arian Mostaedi
245
_a
Building Conversion & Renovation
260
_b
Carles Broto Josep M Minguet
260
_c
2008
300
_a
239 P.,
999
_c
1600
_d
1600